000 00196nam a2200085Ia 4500
008 191206s9999 xx 000 0 und d
020 _a1919713573
090 _aSB123.S7T49
245 0 _aGenes For Africa
999 _c16041
_d16041